Grammaire de la langue francaise du seizieme siecle.

Saved in:
Bibliographic Details
Main Author: Gougenheim, Georges
Format: Book
Language:French
Published: Lyon : IAC, 1951.
Series:Collection les langues du monde. Série grammaire, philologie, littérature
Subjects:
LEADER 00946nam a22002531a 4500
001 c000363104
003 CARM
005 20000831201832.0
008 851113s1951 fr 0 fre d
010 |a 52006271 
019 1 |a 4150254  |5 LACONCORD2021 
035 |a (OCoLC)1662515  |5 LACONCORD2021 
040 |a NUN  |b eng  |c NUN  |d NUN 
082 0 4 |a 447.02 
100 1 |a Gougenheim, Georges. 
245 1 0 |a Grammaire de la langue francaise du seizieme siecle. 
260 |a Lyon :  |b IAC,  |c 1951. 
300 |a 258 p.  |c 19 cm. 
490 0 |a Collection les langues du monde. Série grammaire, philologie, littérature 
504 |a Bibliography: p.[11]-16. 
650 0 |a French language  |y Early modern, 1500-1700  |x Grammar. 
852 8 |b CARM  |h A1:AL20F0  |i B10042  |p 0454025  |f BK 
999 f f |i 708e4653-019e-56b2-ad6f-d81dcbd0c34f  |s e6f82f8f-8a5a-5009-b84a-4decba81e355 
952 f f |p Can circulate  |a CAVAL  |b CAVAL  |c CAVAL  |d CARM 1 Store  |e B10042  |f A1:AL20F0  |h Other scheme  |i book  |m 0454025